Luis Miguel Songs Quiz - Statistics

General Stats
  • This quiz has been taken 214 times
    212 since last reset
  • The average score is 73 of 262
Answer Stats
Song Title Album Title Year % Correct
La Incondicional Busca una Mujer 1988
82%
Suave Aries 1993
78%
La Chica del Bikini Azul Palabra de Honor 1984
76%
Ahora Te Puedes Marchar Soy Como Quiero Ser 1987
75%
Cómo Romance 1991
75%
Hasta Que Me Olvides Aries 1993
74%
Y Vivo 2000
74%
La Bikina Vivo 2000
73%
Un Hombre Busca una Mujer Busca una Mujer 1988
73%
Entrégate 20 Años 1990
72%
Culpable o No (Miénteme Como Siempre) Busca una Mujer 1988
70%
Fría Como el Viento Busca una Mujer 1988
70%
La Barca Romance 1991
69%
La Media Vuelta Segundo Romance 1994
68%
Palabra de Honor Palabra de Honor 1984
67%
Cuando Calienta el Sol Soy Como Quiero Ser 1987
65%
Dame Nada Es Igual 1996
65%
Oro de Ley 20 Años 1990
65%
Tengo Todo Excepto a Ti 20 Años 1990
65%
Por Debajo de la Mesa Romances 1997
64%
Será Que No Me Amas 20 Años 1990
64%
Decídete Decídete 1983
63%
Dos Enamorados Un Sol 1982
63%
México en la Piel México en la Piel 2004
63%
La Mentira Romance 1991
62%
No Sé Tú Romance 1991
62%
Amarte Es un Placer Amarte Es un Placer 1999
60%
Cómo Es Posible Que a Mi Lado Nada Es Igual 1996
59%
Más 20 Años 1990
57%
Somos Novios Segundo Romance 1994
57%
Hoy el Aire Huele a Ti 20 Años 1990
54%
Inolvidable Romance 1991
54%
Sabor a Mí Romances 1997
54%
Soy Como Quiero Ser Soy Como Quiero Ser 1987
54%
Te Necesito 33 2003
54%
La Puerta Romance 1991
53%
Nada es Igual Nada Es Igual 1996
52%
Contigo (Estar Contigo) Romances 1997
51%
El Reloj Romances 1997
51%
Fiebre de Amor Fiebre de Amor 1985
51%
Usted Romance 1991
50%
Esa Niña Busca una Mujer 1988
49%
Isabel Palabra de Honor 1984
49%
Amor, Amor, Amor Mis Romances 2001
48%
Sabes una Cosa México en la Piel 2004
48%
Más Allá de Todo 20 Años 1990
47%
No Me Platiques Más Romance 1991
47%
Cuestión de Piel 20 Años 1990
46%
Historia de un Amor Segundo Romance 1994
46%
La Gloria Eres Tú Romances 1997
46%
Mucho Corazón Romance 1991
46%
Si Nos Dejan El Concierto 1995
46%
Sol, Arena y Mar Amarte Es un Placer 1999
46%
Voy a Apagar la Luz / Contigo Aprendí Romances 1997
46%
Ayer Aries 1993
45%
El Día Que Me Quieras Segundo Romance 1994
45%
Sunny Soy Como Quiero Ser 1987
45%
Cómo Yo Te Amé Segundo Romance 1994
44%
Nosotros Segundo Romance 1994
43%
Por Favor Señora Busca una Mujer 1988
43%
Que Nivel de Mujer Aries 1993
43%
Santa Claus Llegó a la Ciudad Navidades 2006
43%
Bésame Mucho Romances 1997
42%
Directo al Corazón Directo al Corazón 1982
41%
Delirio Segundo Romance 1994
40%
Eres 33 2003
40%
No Me Puedes Dejar Así Decídete 1983
40%
O Tú o Ninguna Amarte Es un Placer 1999
40%
Sueña Nada Es Igual 1996
40%
Te Extraño Romance 1991
40%
Luz Verde Aries 1993
39%
Amante del Amor 20 Años 1990
38%
Contigo en la Distancia Romance 1991
38%
Pupilas de Gato Busca una Mujer 1988
38%
Yo Que No Vivo Sin Ti Soy Como Quiero Ser 1987
38%
Come Fly with Me Duets II 1994
37%
La Fiesta del Mariachi ¡México Por Siempre! 2017
37%
Todo y Nada Segundo Romance 1994
36%
Cómplices Cómplices 2008
35%
Marcela Directo al Corazón 1982
35%
Me Niego a Estar Solo Aries 1993
35%
Sin Ti Segundo Romance 1994
35%
Tú, Sólo Tú Amarte Es un Placer 1999
35%
Tú y Yo Aries 1993
35%
Ya Nunca Más Ya Nunca Más 1984
35%
Soy un Perdedor Busca una Mujer 1988
34%
Motivos México en la Piel 2004
33%
Pensar en Ti Aries 1993
33%
Alguien Como Tú 20 Años 1990
32%
Llamarada ¡México Por Siempre! 2017
32%
Si Tú Te Atreves Cómplices 2008
32%
Cuando Vuelva a Tu Lado Romance 1991
31%
Uno Romances 1997
30%
Dame Tu Amor Aries 1993
29%
Encadenados Romances 1997
29%
Perdóname Soy Como Quiero Ser 1987
29%
Sólo Tú Soy Como Quiero Ser 1987
29%
Te Propongo Esta Noche Amarte Es un Placer 1999
29%
El Rey El Concierto 1995
28%
Abrázame Nada Es Igual 1996
27%
Dormir Contigo Amarte Es un Placer 1999
27%
Separados Busca una Mujer 1988
27%
Todo Por Su Amor Nada Es Igual 1996
27%
América, América América & en Vivo 1992
26%
Cómo Duele Mis Romances 2001
26%
Échame a Mí la Culpa México en la Piel 2004
26%
El Viajero México en la Piel 2004
26%
Solamente una Vez Segundo Romance 1994
26%
¿Por Qué Te Conocí? ¡México Por Siempre! 2017
25%
Quiero Amarte Es un Placer 1999
25%
Si Te Vas Nada Es Igual 1996
25%
Blanca Navidad Navidades 2006
24%
Devuélveme el Amor 33 2003
24%
El Primero Busca una Mujer 1988
24%
Eres Tu Soy Como Quiero Ser 1987
24%
Júrame Romances 1997
24%
Labios de Miel Luis Miguel 2010
24%
Lili Palabra de Honor 1984
24%
Los Muchachos de Hoy Fiebre de Amor 1985
23%
Perfidia Mis Romances 2001
23%
Soy Lo Prohibido ¡México Por Siempre! 2017
23%
Soy Yo Amarte Es un Placer 1999
23%
Yo Sé Que Volverás Segundo Romance 1994
23%
Amanecer Romances 1997
22%
Amanecí en Tus Brazos El Concierto 1995
22%
Déjà Vu Single 2014
22%
Es Mejor Soy Como Quiero Ser 1987
22%
Es Por Ti Luis Miguel 2010
22%
Hasta el Fin Aries 1993
22%
Noche de Ronda Romances 1997
22%
Y Sigo 33 2003
22%
Amorcito Corazón Mis Romances 2001
21%
Cielo Rojo México en la Piel 2004
21%
Mañana de Carnaval Romances 1997
21%
Mentira Un Sol 1982
21%
Mujer de Fuego Luis Miguel 2010
21%
No Discutamos ¡México Por Siempre! 2017
21%
No Me Puedo Escapar de Ti Soy Como Quiero Ser 1987
21%
Nos Hizo Falta Tiempo 33 2003
21%
Recuerdos Encadenados Directo al Corazón 1982
21%
Sin Hablar Soy Como Quiero Ser 1987
20%
De Quererte Así Romances 1997
19%
Me Gustas Tal Como Eres Palabra de Honor 1984
19%
Todo el Amor del Mundo Fiebre de Amor 1985
19%
Vuelve 33 2003
19%
Bravo Amor Bravo Cómplices 2008
18%
De Qué Manera Te Olvido México en la Piel 2004
18%
Entrega Total México en la Piel 2004
18%
La Juventud Directo al Corazón 1982
18%
Luz de Luna México en la Piel 2004
18%
Noche de Paz Navidades 2006
18%
Que Seas Feliz México en la Piel 2004
18%
Que Tú Te Vas Nada Es Igual 1996
18%
Sintiéndote Lejos Nada Es Igual 1996
18%
Un Día Mas Nada Es Igual 1996
18%
Lupe Decídete 1983
17%
Paloma Querida México en la Piel 2004
17%
Serenata Huasteca ¡México Por Siempre! 2017
17%
Un Rock & Roll Sonó Palabra de Honor 1984
17%
Un Te Amo 33 2003
17%
Amor de Escuela Un Sol 1982
16%
Cruz de Olvido México en la Piel 2004
16%
El Tiempo Un Sol 1982
16%
Intro Vivo 2000
16%
Mi Ciudad México en la Piel: Edición Diamante 2005
16%
Rey de Corazones Palabra de Honor 1984
16%
Sonríe Navidades 2006
16%
Sueños Fiebre de Amor 1985
16%
Balada Para Mi Abuela Un Sol 1982
15%
Deja Que Salga la Luna ¡México Por Siempre! 2017
15%
Dímelo en un Beso Amarte Es un Placer 1999
15%
El Balajú / Huapango ¡México Por Siempre! 2017
15%
Háblame Palabra de Honor 1984
15%
Hasta Que Vuelvas Mis Boleros Favoritos 2002
15%
La Última Noche Mis Romances 2001
15%
Lo Lei En Tu Diario Directo al Corazón 1982
15%
Lo Que Me Gusta Un Sol 1982
15%
Mini Amor Decídete 1983
15%
No Me Amenaces ¡México Por Siempre! 2017
15%
Safari Decídete 1983
15%
Te Desean Cómplices 2008
15%
Tu Imaginación Cómplices 2008
15%
Tu Mirada Amarte Es un Placer 1999
15%
Tú No Tienes Corazón Palabra de Honor 1984
15%
Ahora Que Te Vas 33 2003
14%
Al Que Me Siga Mis Romances 2001
14%
Con Tus Besos 33 2003
14%
Introducción El Concierto 1995
14%
Navidad, Navidad Navidades 2006
14%
Tomemos los Patines Un Sol 1982
14%
Adolescente Soñador Un Sol 1982
13%
A Mis Años Ya Te Amo Directo al Corazón 1982
13%
Ella Es Así Luis Miguel 2010
13%
El Siete Mares ¡México Por Siempre! 2017
13%
En Japón Decídete 1983
13%
Frente a la Chimenea Navidades 2006
13%
Hay un Algo Un Sol 1982
13%
No Me Fío Amarte Es un Placer 1999
13%
Qué Hacer 33 2003
13%
¿Qué Sabes Tú? Mis Romances 2001
13%
Tres Palabras Luis Miguel 2010
13%
Va a Nevar Navidades 2006
13%
Acapulco Amor Fiebre de Amor 1985
12%
El Brujo Decídete 1983
12%
Ese Momento Amarte Es un Placer 1999
12%
Mamá, Mamá Ya Nunca Más 1984
12%
Muñeca Rota Palabra de Honor 1984
12%
Nosotros Dos Directo al Corazón 1982
12%
Siento Luis Miguel 2010
12%
Soy Como Soy Decídete 1983
12%
Dicen Cómplices 2008
11%
Disfraces Cómplices: Edición Especial 2009
11%
Estrenando Amor Cómplices 2008
11%
Por un Amor México en la Piel: Edición Diamante 2005
11%
Que Te Vaya Bonito ¡México Por Siempre! 2017
11%
Un Mundo Raro México en la Piel 2004
11%
Volver Mis Romances 2001
11%
Bandido Cupido Decídete 1983
10%
Campeón Decídete 1983
10%
De Quién Es Usted Luis Miguel 2010
10%
Introducción Guitarra El Concierto 1995
10%
Los Días Felices ¡México Por Siempre! 2017
10%
Mi Humilde Oración Navidades 2006
10%
No Existen Límites Luis Miguel 2010
10%
Noi Ragazzi di Oggi Luis Miguel: Canta en Italiano 1985
10%
Por Ti Fiebre de Amor 1985
10%
Que Bonita Es Mi Tierra ¡México Por Siempre! 2017
10%
Rock de la Niña Cruel Directo al Corazón 1982
10%
Sin Sangre en las Venas ¡México Por Siempre! 2017
10%
Tal Vez Me Mientes Luis Miguel 2010
10%
Te Deseo Muy Felices Fiestas Navidades 2006
10%
Toda una Vida Mis Romances 2001
10%
Tú Me Acostumbraste Mis Romances 2001
10%
Estaré en Mi Casa Esta Navidad Navidades 2006
9%
Negro es Negro, Rey Criollo, Muévanse Todos, El Rock de la Cárcel También es Rock 1984
9%
Se Amaban Cómplices 2008
9%
Si Te Perdiera Grandes Éxitos 2005
9%
Amor de Hecho Cómplices 2008
8%
De Nuevo el Paraíso Cómplices 2008
8%
Me Muero Por Ti Palabra de Honor 1984
8%
Misterios del Amor Grandes Éxitos 2005
8%
Qué Tristeza 33 2003
8%
Ay, Cariño Cómplices 2008
7%
Cielito Lindo Single 1984
7%
El Tiempo Que Te Quede Libre Mis Romances 2001
7%
Il Cielo Luis Miguel: Canta en Italiano 1985
7%
Llegó la Navidad Navidades 2006
7%
Lo Que Queda de Mí Luis Miguel 2010
7%
No es Permitido Directo al Corazón 1982
7%
Ora Pronobis Ya Nunca Más 1984
7%
Siempre Me Quedo, Siempre Me Voy Fiebre de Amor 1985
7%
Si Ves a Mi Chica, Dile Que la Amo Directo al Corazón 1982
7%
Amor a Mares Cómplices 2008
6%
Juegos De Amigos Ya Nunca Más 1984
6%
Este Amor Fiebre de Amor 1985
5%
Susy Q, Memphis, Música de Rock and Roll También es Rock 1984
5%
Al Compás del Reloj, Rip it Up, La Marcha de los Santos, Nos Vemos Cocodrillo, Lucila También es Rock 1984
4%
Nena No Me Importa, Trátame Bien, Ahora o Nunca También es Rock 1984
4%
Perro Callejero, No Seas Cruel, Osito Teddy, Estremécete También es Rock 1984
4%
Todo Para Ti Single 2002/2003
3%
Aviéntense Todos, Pólvora, Popotitos, Presumida También es Rock 1984
2%
Chica Alborotada, Confidente de Secundaria, Buen Rock Esta Noche También es Rock 1984
2%
No matching quizzes found
Score Distribution
Percent of People with Each Score
Percentile by Number Answered
Your Score History
You have not taken this quiz since the last reset